<?xml version="1.0" encoding="UTF-8"?>
<record
    xmlns:xsi="http://www.w3.org/2001/XMLSchema-instance"
    xsi:schemaLocation="http://www.loc.gov/MARC21/slim http://www.loc.gov/standards/marcxml/schema/MARC21slim.xsd"
    xmlns="http://www.loc.gov/MARC21/slim">

  <leader>01654cam a2200337 i 4500</leader>
  <controlfield tag="001">zz2004994810</controlfield>
  <controlfield tag="003">NUKAT</controlfield>
  <controlfield tag="005">20260429225042.0</controlfield>
  <controlfield tag="008">041130s1925    pl           |000 0 pol c</controlfield>
  <datafield tag="035" ind1=" " ind2=" ">
    <subfield code="a">(OCoLC)749770132</subfield>
  </datafield>
  <datafield tag="035" ind1=" " ind2=" ">
    <subfield code="a">(NUKAT)zz2004994810</subfield>
  </datafield>
  <datafield tag="040" ind1=" " ind2=" ">
    <subfield code="a">GD U/TZ</subfield>
    <subfield code="b">pol</subfield>
    <subfield code="e">rda</subfield>
    <subfield code="c">GD U/TZ</subfield>
    <subfield code="d">GD U/TZ</subfield>
    <subfield code="d">GD U/ENs</subfield>
    <subfield code="d">KR 048/RW</subfield>
    <subfield code="d">KR 048/AK</subfield>
  </datafield>
  <datafield tag="041" ind1="0" ind2=" ">
    <subfield code="a">pol</subfield>
    <subfield code="a">lat</subfield>
  </datafield>
  <datafield tag="100" ind1="1" ind2=" ">
    <subfield code="a">Vetulani, Adam</subfield>
    <subfield code="d">(1901-1976).</subfield>
    <subfield code="e">Autor</subfield>
    <subfield code="9">2698</subfield>
  </datafield>
  <datafield tag="245" ind1="1" ind2="0">
    <subfield code="a">Pozew s&#x105;dowy w &#x15B;redniowiecznym procesie polskim /</subfield>
    <subfield code="c">Adam Vetulani.</subfield>
  </datafield>
  <datafield tag="260" ind1=" " ind2=" ">
    <subfield code="a">Krak&#xF3;w :</subfield>
    <subfield code="b">Polska Akademja Umiej&#x119;tno&#x15B;ci ;</subfield>
    <subfield code="a">Warszawa :</subfield>
    <subfield code="b">Sk&#x142;ad g&#x142;&#xF3;wny w Ksi&#x119;garniach Gebethnera i Wolfa,</subfield>
    <subfield code="c">1925</subfield>
    <subfield code="e">(Krak&#xF3;w :</subfield>
    <subfield code="f">Drukarnia Uniwersytetu Jagiello&#x144;skiego pod zarz&#x105;dem J. Filipowskiego).</subfield>
  </datafield>
  <datafield tag="300" ind1=" " ind2=" ">
    <subfield code="a">115 stron ;</subfield>
    <subfield code="c">25 cm.</subfield>
  </datafield>
  <datafield tag="336" ind1=" " ind2=" ">
    <subfield code="a">Tekst</subfield>
    <subfield code="b">txt</subfield>
    <subfield code="2">rdacontent</subfield>
  </datafield>
  <datafield tag="337" ind1=" " ind2=" ">
    <subfield code="a">Bez urz&#x105;dzenia po&#x15B;rednicz&#x105;cego</subfield>
    <subfield code="b">n</subfield>
    <subfield code="2">rdamedia</subfield>
  </datafield>
  <datafield tag="338" ind1=" " ind2=" ">
    <subfield code="a">Wolumin</subfield>
    <subfield code="b">nc</subfield>
    <subfield code="2">rdacarrier</subfield>
  </datafield>
  <datafield tag="490" ind1="1" ind2=" ">
    <subfield code="a">Rozprawy / Polska Akademja Umiej&#x119;tno&#x15B;ci. Wydzia&#x142; Historyczno-Filozoficzny ;</subfield>
    <subfield code="v">Ser. 2, t. 40 (og. zbioru t. 65), nr 3</subfield>
  </datafield>
  <datafield tag="530" ind1=" " ind2=" ">
    <subfield code="a">Dost&#x119;pne r&#xF3;wnie&#x17C; w formie elektronicznej.</subfield>
  </datafield>
  <datafield tag="546" ind1=" " ind2=" ">
    <subfield code="a">Fragmenty tekstu w j&#x119;zyku &#x142;aci&#x144;skim.</subfield>
  </datafield>
  <datafield tag="650" ind1=" " ind2="7">
    <subfield code="a">Post&#x119;powanie (prawo)</subfield>
    <subfield code="z">Polska</subfield>
    <subfield code="y">&#x15B;redniowiecze.</subfield>
    <subfield code="2">kaba</subfield>
    <subfield code="9">40952</subfield>
  </datafield>
  <datafield tag="710" ind1="2" ind2=" ">
    <subfield code="a">Polska Akademia Umiej&#x119;tno&#x15B;ci (1919-1952).</subfield>
    <subfield code="e">Wydawca</subfield>
    <subfield code="4">pbl</subfield>
    <subfield code="9">1634</subfield>
  </datafield>
  <datafield tag="710" ind1="2" ind2=" ">
    <subfield code="a">Gebethner i Wolff.</subfield>
    <subfield code="e">Wydawca</subfield>
    <subfield code="4">pbl</subfield>
    <subfield code="9">1246</subfield>
  </datafield>
  <datafield tag="710" ind1="2" ind2=" ">
    <subfield code="a">Drukarnia Uniwersytetu Jagiello&#x144;skiego.</subfield>
    <subfield code="e">Druk</subfield>
    <subfield code="4">prt</subfield>
    <subfield code="9">536</subfield>
  </datafield>
  <datafield tag="830" ind1=" " ind2="0">
    <subfield code="a">Rozprawy Polskiej Akademii Umiej&#x119;tno&#x15B;ci.</subfield>
    <subfield code="p">Wydzia&#x142; Historyczno-Filozoficzny</subfield>
    <subfield code="v">Ser. 2, t. 40 = 65, nr 3</subfield>
    <subfield code="9">2632</subfield>
  </datafield>
  <datafield tag="856" ind1="4" ind2="1">
    <subfield code="u">https://repozytorium.biblos.pk.edu.pl/resources/46157</subfield>
  </datafield>
  <datafield tag="942" ind1=" " ind2=" ">
    <subfield code="2">ddc</subfield>
    <subfield code="c">BK_NM</subfield>
  </datafield>
  <datafield tag="999" ind1=" " ind2=" ">
    <subfield code="c">27888</subfield>
    <subfield code="d">27888</subfield>
  </datafield>
  <datafield tag="952" ind1=" " ind2=" ">
    <subfield code="0">0</subfield>
    <subfield code="1">0</subfield>
    <subfield code="2">ddc</subfield>
    <subfield code="4">0</subfield>
    <subfield code="7">0</subfield>
    <subfield code="8">PBKH</subfield>
    <subfield code="a">BIP</subfield>
    <subfield code="b">PBKH</subfield>
    <subfield code="d">2026-04-29</subfield>
    <subfield code="e">K-31/1966</subfield>
    <subfield code="f">K</subfield>
    <subfield code="i">16772</subfield>
    <subfield code="l">0</subfield>
    <subfield code="o">16772</subfield>
    <subfield code="p">IPWK22232</subfield>
    <subfield code="r">2026-04-29 22:51:20</subfield>
    <subfield code="w">2026-04-29</subfield>
    <subfield code="y">BK_NM</subfield>
  </datafield>
</record>
